00595nam a2200205 a 450000100060000000300080000600500170001400800410003103500190007204000310009104100080012208200240013010000500015424500400020426000390024430000350028350000190031865000320033765000200036967619BD-RjUL20211209081657.0170328s1964 nyu b 001 0 eng d a(BD-RjUL)67828 aDLC/ICUcCGUdBD-RjULbeng aeng a536.7223bMOT 19641 aMorse, Philip M.q(Philip McCord),d1903-198510aThermal physics /cPhilip M. Morse. aNew York :bW.A. Benjamin,cc1964. axiii, 455 p. :bill. ;c24 cm. aIncludes index 0aStatistical thermodynamics. 0aThermodynamics.